000 01788nam a2200277Ia 4500
999 _c54787
_d54787
001 21855
003 GE_BSU
005 20220610151244.0
008 181216s ||||ge |||||||||||||| ||geo||
040 _cGE_BSU
041 _ageo
080 _a339.9+336.2 ე-92
245 _aექსპორტ - იმპორტი :
_bგზამკვლევი /
_cტექსზე მუშაობდნენ : ლაშა კომახიძე, გიორგი ღაღანიძე, ელენე კორკოტაშვილი, ზვიად ელიზიანი.
264 _aბათუმი :
_b[?],
_c2011-2012.
300 _a84 გვ. ;
_c22 სმ.
500 _aმომზადებულია გაეროს განვითარების პროგრამის, ფინეთის მთავრობის და აჭარის ავტონომიური რესპუბლიკის ფინანსთა და ეკონომიკის სამინისტროს ინიციატივითა და ფინანსური მხარდაჭერით
541 _h3ლ.
653 _aეკონომიკა
653 _aექსპორტ-იმპორტი
653 _aგზამკვლევი
653 _aექსპორტ-იმპორტის პროცედურები
653 _aსავაჭრო პოლიტიკა - რეჟიმები და ფორმები
653 _aორგანიზაციული და ბიზნეს საკითხები
710 _aვაჭრობის ხელშეწყობის ცენტრი
_914048
942 _cBK
_2udc